Cambridge Checkpoint Science Coursebook 9 / (Record no. 5758)

MARC details
000 -LEADER
fixed length control field 01426nam a22002057a 4500
001 - CONTROL NUMBER
control field 5758
003 - CONTROL NUMBER IDENTIFIER
control field FISKH
005 - DATE AND TIME OF LATEST TRANSACTION
control field 20250120163207.0
008 - FIXED-LENGTH DATA ELEMENTS--GENERAL INFORMATION
fixed length control field 250120b cb ||||| |||| 00| 0 eng d
020 ## - INTERNATIONAL STANDARD BOOK NUMBER
International Standard Book Number 9781107626065
040 ## - CATALOGING SOURCE
Original cataloging agency FISKH
Language of cataloging eng
Transcribing agency FISKH
Modifying agency FISKH
082 ## - DEWEY DECIMAL CLASSIFICATION NUMBER
Classification number 500
100 ## - MAIN ENTRY--PERSONAL NAME
Personal name Jones, Mary
245 ## - TITLE STATEMENT
Title Cambridge Checkpoint Science Coursebook 9 /
Statement of responsibility, etc. By Mary Jones, Diane Fellowes-Freeman and David Sang
260 ## - PUBLICATION, DISTRIBUTION, ETC.
Place of publication, distribution, etc. Cambridge :
Name of publisher, distributor, etc. Cambridge University Press ;
Date of publication, distribution, etc. 2013.
300 ## - PHYSICAL DESCRIPTION
Extent 188 pages :
Other physical details color illustrations ;
Dimensions 28 cm .
520 ## - SUMMARY, ETC.
Summary, etc. Written by well-respected authors, the Cambridge Checkpoint Science suite provides a comprehensive, structured resource which covers the full Cambridge Secondary 1 framework and seamlessly progresses into the next stage. This engaging course supports teaching of the Science framework both theoretically and practically, with full coverage of the Scientific Enquiry framework integrated throughout the series. This Coursebook for Stage 9 gives a thorough introduction to the concepts, and offers a wealth of ideas for hands-on activities to make the subject matter come to life. Integrated review of topics from Stages 7 and 8 as well as full coverage of the Stage 9 content provides preparation for the Cambridge Checkpoint Science test and a solid foundation for progression into the Cambridge IGCSE Sciences.
700 ## - ADDED ENTRY--PERSONAL NAME
Personal name Sang, David
Relator term author
942 ## - ADDED ENTRY ELEMENTS (KOHA)
Source of classification or shelving scheme Dewey Decimal Classification
Koha item type Books
Suppress in OPAC No
Holdings
Withdrawn status Lost status Source of classification or shelving scheme Damaged status Not for loan Collection Home library Current library Shelving location Date acquired Total Checkouts Full call number Barcode Date last seen Copy number Price effective from Koha item type
    Dewey Decimal Classification     Non-Fiction Footprints International School Library Network Toul Tom Poung Campus Footprints International School Library Network Toul Tom Poung Campus TTP Secondary Non-Fiction Bookshelves 01/20/2025   JON 500 2025-0053 01/20/2025 1 01/20/2025 Books
    Dewey Decimal Classification     Non-Fiction Footprints International School Library Network Toul Tom Poung Campus Footprints International School Library Network Toul Tom Poung Campus TTP Secondary Non-Fiction Bookshelves 03/20/2025   JON 500 2025-0793 03/20/2025 2 03/20/2025 Books